[Event "U12 Burschen Blitz"]
[Site "austriaU18boys"]
[Date "2020.12.11"]
[Round "2"]
[White "Nicolas Moser"]
[Black "Laurin3006"]
[Result "1-0"]
[WhiteElo "1595"]
[BlackElo "1618"]
[Annotator "NA"]
[PlyCount "59"]
[EventDate "2020.12.11"]
[EventType "blitz"]

1. e4 {[%emt 0:00:07]} c6 {[%emt 0:00:02]} 2. d4 {[%emt 0:00:02]} d5 {[%emt 0:00:01]} 3. exd5 {[%emt 0:00:00]} cxd5 {[%emt 0:00:00]} 4. Bd3 {[%emt 0:00:01]} Nc6 {[%emt 0:00:01]} 5. c3 {[%emt 0:00:01]} Qc7 {[%emt 0:00:00]} 6. Nf3 {[%emt 0:00:04]} Bg4 {[%emt 0:00:04]} 7. h3 {[%emt 0:00:03]} Bh5 {[%emt 0:00:01]} 8. O-O {[%emt 0:00:05]} Nf6 {[%emt 0:00:03]} 9. Bg5 {[%emt 0:00:05]} e6 {[%emt 0:00:04]} 10. Nbd2 {[%emt 0:00:03]} Be7 {[%emt 0:00:13]} 11. Bh4 {[%emt 0:00:04]} O-O {[%emt 0:00:02]} 12. Bg3 {[%emt 0:00:01]} Bd6 {[%emt 0:00:07]} 13. Bxd6 {[%emt 0:00:02]} Qxd6 {[%emt 0:00:00]} 14. Qc2 {[%emt 0:00:01]} Rac8 {[%emt 0:00:13]} 15. Qb3 {[%emt 0:00:11]} Na5 {[%emt 0:00:16]} 16. Qb5 {[%emt 0:00:04]} b6 {[%emt 0:00:08]} 17. Ne5 {[%emt 0:00:11]} Rfd8 {[%emt 0:00:21]} 18. Nb3 {[%emt 0:00:23]} Nb7 {[%emt 0:00:31]} 19. Qa6 {[%emt 0:00:10]} Qc7 {[%emt 0:00:20]} 20. a4 {[%emt 0:00:13]} Rd6 {[%emt 0:00:25]} 21. Qb5 {[%emt 0:00:27]} Nd7 {[%emt 0:00:11]} 22. Nxd7 {[%emt 0:00:09]} Rxd7 {[%emt 0:00:05]} 23. a5 {[%emt 0:00:08]} Nd6 {[%emt 0:00:09]} 24. Qa6 {[%emt 0:00:22]} Nc4 {[%emt 0:00:09]} 25. Bxc4 {[%emt 0:00:08]} dxc4 {[%emt 0:00:00]} 26. Nd2 {[%emt 0:00:12]} Rd5 {[%emt 0:00:18]} 27. axb6 {[%emt 0:00:05]} axb6 {[%emt 0:00:01]} 28. Nxc4 {[%emt 0:00:12]} Be2 {[%emt 0:00:03]} 29. Qxb6 {[%emt 0:00:18]} Bxc4 {[%emt 0:00:02]} 30. Qxc7 {[%emt 0:00:03] TimeB} 1-0

[Event "U12 Burschen Blitz"]
[Site "austriaU18boys"]
[Date "2020.12.11"]
[Round "3"]
[White "Beckenbauer23"]
[Black "Couvervan"]
[Result "1-0"]
[WhiteElo "2036"]
[BlackElo "1704"]
[Annotator "NA"]
[PlyCount "81"]
[EventDate "2020.12.11"]
[EventType "blitz"]

1. e4 {[%emt 0:00:01]} e5 {[%emt 0:00:01]} 2. Nf3 {[%emt 0:00:01]} Nf6 {[%emt 0:00:00]} 3. Nc3 {[%emt 0:00:02]} Nc6 {[%emt 0:00:01]} 4. a3 {[%emt 0:00:01]} a6 {[%emt 0:00:06]} 5. d4 {[%emt 0:00:02]} exd4 {[%emt 0:00:02]} 6. Nxd4 {[%emt 0:00:00]} Bc5 {[%emt 0:00:04]} 7. Be3 {[%emt 0:00:03]} Nxd4 {[%emt 0:00:20]} 8. Bxd4 {[%emt 0:00:00]} Bxd4 {[%emt 0:00:07]} 9. Qxd4 {[%emt 0:00:00]} d6 {[%emt 0:00:03]} 10. O-O-O {[%emt 0:00:11]} Be6 {[%emt 0:00:45]} 11. f4 {[%emt 0:00:21]} O-O {[%emt 0:00:04]} 12. f5 {[%emt 0:00:06]} Bd7 {[%emt 0:00:03]} 13. g4 {[%emt 0:00:01]} Bc6 {[%emt 0:00:31]} 14. Rg1 {[%emt 0:00:08]} Re8 {[%emt 0:00:09]} 15. Bd3 {[%emt 0:00:02]} Qe7 {[%emt 0:00:14]} 16. Rde1 {[%emt 0:00:16]} Qe5 {[%emt 0:00:02]} 17. Qf2 {[%emt 0:00:13]} Bb5 {[%emt 0:00:24]} 18. g5 {[%emt 0:00:05]} Nh5 {[%emt 0:00:10]} 19. Bxb5 {[%emt 0:00:37]} axb5 {[%emt 0:00:01]} 20. Nd5 {[%emt 0:00:00]} Rec8 {[%emt 0:00:11]} 21. Qh4 {[%emt 0:00:04]} g6 {[%emt 0:00:03]} 22. fxg6 {[%emt 0:00:05]} fxg6 {[%emt 0:00:07]} 23. Rgf1 {[%emt 0:00:47]} Rf8 {[%emt 0:00:01]} 24. Nxc7 {[%emt 0:00:05]} Rac8 {[%emt 0:00:04]} 25. Rxf8+ {[%emt 0:00:04]} Rxf8 {[%emt 0:00:00]} 26. Nd5 {[%emt 0:00:08]} Nf4 {[%emt 0:00:07]} 27. Nf6+ {[%emt 0:00:09]} Rxf6 {[%emt 0:00:01]} 28. gxf6 {[%emt 0:00:03]} Ne6 {[%emt 0:00:03]} 29. Rf1 {[%emt 0:00:09]} Qg5+ {[%emt 0:00:03]} 30. Qxg5 {[%emt 0:00:02]} Nxg5 {[%emt 0:00:00]} 31. Kd2 {[%emt 0:00:05]} Nxe4+ {[%emt 0:00:02]} 32. Ke3 {[%emt 0:00:00]} Nc5 {[%emt 0:00:01]} 33. Kd4 {[%emt 0:00:01]} Kf7 {[%emt 0:00:02]} 34. Kd5 {[%emt 0:00:00]} Na4 {[%emt 0:00:02]} 35. b3 {[%emt 0:00:03]} Nc3+ {[%emt 0:00:02]} 36. Kxd6 {[%emt 0:00:00]} Ne4+ {[%emt 0:00:01]} 37. Kc7 {[%emt 0:00:04]} Nxf6 {[%emt 0:00:02]} 38. Kxb7 {[%emt 0:00:01]} Ke6 {[%emt 0:00:01]} 39. a4 {[%emt 0:00:01]} bxa4 {[%emt 0:00:03]} 40. bxa4 {[%emt 0:00:00]} Ne4 {[%emt 0:00:04]} 41. a5 {[%emt 0:00:01] Couvervan resigns (Lag: Av=0.27s, max=0.6s)} 1-0

[Event "U12 Burschen Blitz"]
[Site "austriaU18boys"]
[Date "2020.12.11"]
[Round "3"]
[White "Sebsep1"]
[Black "Konstantin Peyrer"]
[Result "0-1"]
[WhiteElo "2033"]
[BlackElo "2268"]
[PlyCount "64"]
[EventDate "2020.12.11"]
[EventType "blitz"]

1. e4 {[%emt 0:00:03]} d5 {[%emt 0:00:02]} 2. exd5 {[%emt 0:00:03]} Qxd5 {[%emt 0:00:00]} 3. Nc3 {[%emt 0:00:01]} Qe6+ {[%emt 0:00:00]} 4. Nge2 {[%emt 0:00:09]} Nf6 {[%emt 0:00:08]} 5. d4 {[%emt 0:00:03]} c6 {[%emt 0:00:01]} 6. Bf4 {[%emt 0:00:07]} g6 {[%emt 0:00:02]} 7. Qd2 {[%emt 0:00:09]} Bg7 {[%emt 0:00:06]} 8. O-O-O {[%emt 0:00:02]} O-O {[%emt 0:00:01]} 9. Kb1 {[%emt 0:00:03]} Na6 {[%emt 0:00:01]} 10. h4 {[%emt 0:00:19]} Nb4 {[%emt 0:00:02]} 11. Bh6 {[%emt 0:00:22]} Ne4 {[%emt 0:00:03]} 12. Qf4 {[%emt 0:00:06]} Nxc3+ {[%emt 0:00:06]} 13. Nxc3 {[%emt 0:00:04]} Qf5 {[%emt 0:00:00]} 14. Bd3 {[%emt 0:00:22]} Nxd3 {[%emt 0:00:16]} 15. Rxd3 {[%emt 0:00:01]} Qxf4 {[%emt 0:00:01]} 16. Bxf4 {[%emt 0:00:02]} Bf5 {[%emt 0:00:00]} 17. Rd2 {[%emt 0:00:02]} Rfd8 {[%emt 0:00:04]} 18. Rhd1 {[%emt 0:00:02]} Rd7 {[%emt 0:00:08]} 19. Be5 {[%emt 0:00:09]} f6 {[%emt 0:00:07]} 20. Bf4 {[%emt 0:00:01]} Rad8 {[%emt 0:00:02]} 21. f3 {[%emt 0:00:03]} h5 {[%emt 0:00:11]} 22. Ne4 {[%emt 0:00:09]} Kf7 {[%emt 0:00:10]} 23. Nc5 {[%emt 0:00:13]} Rd5 {[%emt 0:00:01]} 24. Nxb7 {[%emt 0:00:06]} Re8 {[%emt 0:00:01]} 25. Kc1 {[%emt 0:00:15]} Rb5 {[%emt 0:00:09]} 26. Nc5 {[%emt 0:00:02]} e5 {[%emt 0:00:01]} 27. Be3 {[%emt 0:00:02]} exd4 {[%emt 0:00:01]} 28. Bxd4 {[%emt 0:00:11]} Bh6 {[%emt 0:00:02]} 29. Nb3 {[%emt 0:00:03]} Re2 {[%emt 0:00:13]} 30. Kb1 {[%emt 0:00:14]} Bxd2 {[%emt 0:00:03]} 31. Rxd2 {[%emt 0:00:01]} Re1+ {[%emt 0:00:03]} 32. Nc1 {[%emt 0:00:01]} Rd5 {[%emt 0:00:01] Sebsep1 resigns} 0-1

[Event "U12 Burschen Blitz"]
[Site "austriaU18boys"]
[Date "2020.12.11"]
[Round "3"]
[White "Dagobert Duck"]
[Black "Nicolas Moser"]
[Result "1-0"]
[WhiteElo "2013"]
[BlackElo "1613"]
[Annotator "NA"]
[PlyCount "49"]
[EventDate "2020.12.11"]
[EventType "blitz"]

1. c4 {[%emt 0:00:01]} e6 {[%emt 0:00:01]} 2. Nc3 {[%emt 0:00:01]} d5 {[%emt 0:00:01]} 3. e3 {[%emt 0:00:00]} Nf6 {[%emt 0:00:01]} 4. Nf3 {[%emt 0:00:01]} c5 {[%emt 0:00:04]} 5. cxd5 {[%emt 0:00:01]} Nxd5 {[%emt 0:00:05]} 6. Bc4 {[%emt 0:00:01]} Be7 {[%emt 0:00:14]} 7. O-O {[%emt 0:00:02]} O-O {[%emt 0:00:01]} 8. d4 {[%emt 0:00:02]} cxd4 {[%emt 0:00:13]} 9. exd4 {[%emt 0:00:18]} Nf6 {[%emt 0:00:20]} 10. Qe2 {[%emt 0:00:10]} b6 {[%emt 0:00:11]} 11. Rd1 {[%emt 0:00:02]} Bb7 {[%emt 0:00:02]} 12. Bf4 {[%emt 0:00:21]} Bd5 {[%emt 0:00:11]} 13. Nxd5 {[%emt 0:00:09]} Nxd5 {[%emt 0:00:00]} 14. Bg3 {[%emt 0:00:10]} Nc6 {[%emt 0:00:04]} 15. Rac1 {[%emt 0:00:06]} Rc8 {[%emt 0:00:02]} 16. Ba6 {[%emt 0:00:02]} Nxd4 {[%emt 0:00:19]} 17. Nxd4 {[%emt 0:00:07]} Rxc1 {[%emt 0:00:06]} 18. Rxc1 {[%emt 0:00:00]} Bd6 {[%emt 0:00:03]} 19. Rc8 {[%emt 0:00:22]} Qd7 {[%emt 0:00:08]} 20. Rxf8+ {[%emt 0:00:04]} Kxf8 {[%emt 0:00:13]} 21. Qb5 {[%emt 0:00:07]} Qc7 {[%emt 0:00:08]} 22. Qc6 {[%emt 0:00:37]} Bxg3 {[%emt 0:00:09]} 23. hxg3 {[%emt 0:00:00]} Qe5 {[%emt 0:00:32]} 24. Qc8+ {[%emt 0:00:02]} Ke7 {[%emt 0:00:02]} 25. Nc6+ {[%emt 0:00:01] Nicolas Moser resigns} 1-0

[Event "U12 Burschen Blitz"]
[Site "austriaU18boys"]
[Date "2020.12.11"]
[Round "3"]
[White "Jakob19"]
[Black "Pernerstorfer_Max"]
[Result "1-0"]
[WhiteElo "1993"]
[BlackElo "1880"]
[Annotator "NA"]
[PlyCount "107"]
[EventDate "2020.12.11"]
[EventType "blitz"]

1. d4 {[%emt 0:00:03]} Nf6 {[%emt 0:00:01]} 2. c4 {[%emt 0:00:01]} c5 {[%emt 0:00:01]} 3. d5 {[%emt 0:00:01]} e6 {[%emt 0:00:00]} 4. Nc3 {[%emt 0:00:01]} exd5 {[%emt 0:00:00]} 5. cxd5 {[%emt 0:00:00]} d6 {[%emt 0:00:00]} 6. e4 {[%emt 0:00:01]} g6 {[%emt 0:00:00]} 7. Nge2 {[%emt 0:00:03]} Bg7 {[%emt 0:00:01]} 8. Ng3 {[%emt 0:00:01]} O-O {[%emt 0:00:02]} 9. Be2 {[%emt 0:00:01]} Re8 {[%emt 0:00:01]} 10. O-O {[%emt 0:00:07]} a6 {[%emt 0:00:01]} 11. a4 {[%emt 0:00:01]} Nbd7 {[%emt 0:00:01]} 12. f3 {[%emt 0:00:08]} Rb8 {[%emt 0:00:05]} 13. Kh1 {[%emt 0:00:05]} Qc7 {[%emt 0:00:03]} 14. Be3 {[%emt 0:00:07]} h5 {[%emt 0:00:53]} 15. Kg1 {[%emt 0:00:02]} Ne5 {[%emt 0:00:05]} 16. h3 {[%emt 0:00:07]} b6 {[%emt 0:00:07]} 17. f4 {[%emt 0:00:24]} Ned7 {[%emt 0:00:02]} 18. e5 {[%emt 0:00:12]} dxe5 {[%emt 0:00:04]} 19. d6 {[%emt 0:00:01]} Qd8 {[%emt 0:00:07]} 20. f5 {[%emt 0:00:10]} Bb7 {[%emt 0:00:11]} 21. Bc4 {[%emt 0:00:09]} gxf5 {[%emt 0:00:29]} 22. Nxf5 {[%emt 0:00:20]} Nf8 {[%emt 0:00:24]} 23. Bh6 {[%emt 0:00:49]} Ne6 {[%emt 0:00:13]} 24. Bxe6 {[%emt 0:00:07]} Rxe6 {[%emt 0:00:03]} 25. Bxg7 {[%emt 0:00:06]} Ne8 {[%emt 0:00:08]} 26. Qxh5 {[%emt 0:00:12]} Nxg7 {[%emt 0:00:07]} 27. Nxg7 {[%emt 0:00:02]} Rg6 {[%emt 0:00:10]} 28. Rxf7 {[%emt 0:00:27]} Kxf7 {[%emt 0:00:08]} 29. Rf1+ {[%emt 0:00:02]} Kxg7 {[%emt 0:00:01]} 30. Qxe5+ {[%emt 0:00:02]} Rf6 {[%emt 0:00:14]} 31. Qg5+ {[%emt 0:00:03]} Kf7 {[%emt 0:00:02]} 32. Qh5+ {[%emt 0:00:02]} Ke6 {[%emt 0:00:03]} 33. Re1+ {[%emt 0:00:01]} Kxd6 {[%emt 0:00:04]} 34. Rd1+ {[%emt 0:00:01]} Kc7 {[%emt 0:00:03]} 35. Rxd8 {[%emt 0:00:00]} Rxd8 {[%emt 0:00:08]} 36. Qe5+ {[%emt 0:00:01]} Rdd6 {[%emt 0:00:01]} 37. a5 {[%emt 0:00:01]} bxa5 {[%emt 0:00:01]} 38. Qxc5+ {[%emt 0:00:01]} Rc6 {[%emt 0:00:01]} 39. Qxa5+ {[%emt 0:00:01]} Kb8 {[%emt 0:00:02]} 40. Qe5+ {[%emt 0:00:01]} Ka8 {[%emt 0:00:01]} 41. g4 {[%emt 0:00:01]} Rfe6 {[%emt 0:00:02]} 42. Qf4 {[%emt 0:00:02]} Re1+ {[%emt 0:00:01]} 43. Kf2 {[%emt 0:00:01]} Rce6 {[%emt 0:00:01]} 44. Qd2 {[%emt 0:00:02]} Re8 {[%emt 0:00:01]} 45. Qxe1 {[%emt 0:00:01]} Rxe1 {[%emt 0:00:01]} 46. Kxe1 {[%emt 0:00:00]} Bg2 {[%emt 0:00:02]} 47. h4 {[%emt 0:00:01]} Bh3 {[%emt 0:00:01]} 48. g5 {[%emt 0:00:00]} Bg4 {[%emt 0:00:04]} 49. Kf2 {[%emt 0:00:00]} Bh5 {[%emt 0:00:01]} 50. Kg3 {[%emt 0:00:01]} Kb7 {[%emt 0:00:01]} 51. Kf4 {[%emt 0:00:00]} Bg6 {[%emt 0:00:03]} 52. Ke5 {[%emt 0:00:01]} Kc6 {[%emt 0:00:03]} 53. Kf6 {[%emt 0:00:00]} Bd3 {[%emt 0:00:01]} 54. g6 {[%emt 0:00:01] Pernerstorfer_Max resigns} 1-0

[Event "U12 Burschen Blitz"]
[Site "austriaU18boys"]
[Date "2020.12.11"]
[Round "3"]
[White "UrosN"]
[Black "XsuperMario"]
[Result "1-0"]
[WhiteElo "1923"]
[BlackElo "1612"]
[Annotator "NA"]
[PlyCount "69"]
[EventDate "2020.12.11"]
[EventType "blitz"]

1. d4 {[%emt 0:00:03]} d5 {[%emt 0:00:06]} 2. c4 {[%emt 0:00:01]} e6 {[%emt 0:00:04]} 3. Nc3 {[%emt 0:00:01]} Nf6 {[%emt 0:00:04]} 4. Nf3 {[%emt 0:00:01]} c6 {[%emt 0:00:01]} 5. Bg5 {[%emt 0:00:01]} h6 {[%emt 0:00:03]} 6. Bh4 {[%emt 0:00:03]} Be7 {[%emt 0:00:02]} 7. e3 {[%emt 0:00:03]} O-O {[%emt 0:00:01]} 8. Bd3 {[%emt 0:00:04]} dxc4 {[%emt 0:00:15]} 9. Bxc4 {[%emt 0:00:00]} b5 {[%emt 0:00:01]} 10. Bd3 {[%emt 0:00:01]} Bb7 {[%emt 0:00:02]} 11. O-O {[%emt 0:00:01]} Nbd7 {[%emt 0:00:11]} 12. Rc1 {[%emt 0:00:10]} Rc8 {[%emt 0:00:02]} 13. Qe2 {[%emt 0:00:08]} Re8 {[%emt 0:00:27]} 14. Rfd1 {[%emt 0:00:13]} Nd5 {[%emt 0:00:14]} 15. Bg3 {[%emt 0:00:06]} Nxc3 {[%emt 0:00:25]} 16. Rxc3 {[%emt 0:00:11]} Bb4 {[%emt 0:00:01]} 17. Rc2 {[%emt 0:00:08]} Qa5 {[%emt 0:00:07]} 18. a3 {[%emt 0:00:04]} Be7 {[%emt 0:00:06]} 19. Ne5 {[%emt 0:00:49]} Nxe5 {[%emt 0:00:13]} 20. Bxe5 {[%emt 0:00:00]} f6 {[%emt 0:00:03]} 21. Bf4 {[%emt 0:00:07]} Red8 {[%emt 0:00:24]} 22. Qg4 {[%emt 0:00:10]} f5 {[%emt 0:00:27]} 23. Qg6 {[%emt 0:00:07]} Rd6 {[%emt 0:00:14]} 24. Be5 {[%emt 0:00:15]} Bf6 {[%emt 0:00:06]} 25. Bxf6 {[%emt 0:00:09]} Rd7 {[%emt 0:00:01]} 26. Be5 {[%emt 0:00:01]} Qd8 {[%emt 0:00:03]} 27. Qxe6+ {[%emt 0:00:03]} Kh8 {[%emt 0:00:02]} 28. Bxf5 {[%emt 0:00:04]} Rf7 {[%emt 0:00:01]} 29. Qxf7 {[%emt 0:00:04]} Rc7 {[%emt 0:00:01]} 30. Qg6 {[%emt 0:00:01]} Kg8 {[%emt 0:00:05]} 31. Qh7+ {[%emt 0:00:03]} Kf8 {[%emt 0:00:01]} 32. Qh8+ {[%emt 0:00:02]} Ke7 {[%emt 0:00:01]} 33. Qxg7+ {[%emt 0:00:01]} Ke8 {[%emt 0:00:02]} 34. Bg6+ {[%emt 0:00:01]} Rf7 {[%emt 0:00:02]} 35. Qxf7# {[%emt 0:00:00] Mate Mate} 1-0

[Event "U12 Burschen Blitz"]
[Site "austriaU18boys"]
[Date "2020.12.11"]
[Round "3"]
[White "Aljoscha7"]
[Black "Paligator"]
[Result "0-1"]
[WhiteElo "1620"]
[BlackElo "2001"]
[Annotator "NA"]
[PlyCount "72"]
[EventDate "2020.12.11"]
[EventType "blitz"]

1. d4 {[%emt 0:00:11]} Nf6 {[%emt 0:00:03]} 2. c4 {[%emt 0:00:02]} e6 {[%emt 0:00:01]} 3. Nc3 {[%emt 0:00:01]} Bb4 {[%emt 0:00:02]} 4. Qb3 {[%emt 0:00:02]} Bxc3+ {[%emt 0:00:19]} 5. Qxc3 {[%emt 0:00:00]} d5 {[%emt 0:00:01]} 6. Nf3 {[%emt 0:00:02]} dxc4 {[%emt 0:00:06]} 7. e3 {[%emt 0:00:05]} b5 {[%emt 0:00:06]} 8. a4 {[%emt 0:00:02]} c6 {[%emt 0:00:03]} 9. b3 {[%emt 0:00:43]} Nd5 {[%emt 0:00:51]} 10. Qc2 {[%emt 0:00:27]} Qa5+ {[%emt 0:00:02]} 11. Bd2 {[%emt 0:00:02]} c3 {[%emt 0:00:02]} 12. Bc1 {[%emt 0:00:02]} Na6 {[%emt 0:00:22]} 13. Ne5 {[%emt 0:00:13]} Nab4 {[%emt 0:00:05]} 14. Qe4 {[%emt 0:00:19]} f5 {[%emt 0:00:52]} 15. Qh4 {[%emt 0:00:15]} O-O {[%emt 0:00:07]} 16. g4 {[%emt 0:00:34]} Nc2+ {[%emt 0:00:04]} 17. Kd1 {[%emt 0:00:02]} Nxa1 {[%emt 0:00:01]} 18. gxf5 {[%emt 0:00:22]} c2+ {[%emt 0:00:01]} 19. Ke2 {[%emt 0:00:02]} Nxb3 {[%emt 0:00:03]} 20. Rg1 {[%emt 0:00:07]} Nxc1+ {[%emt 0:00:10]} 21. Kf3 {[%emt 0:00:01]} Rxf5+ {[%emt 0:00:02]} 22. Kg2 {[%emt 0:00:02]} Nb3 {[%emt 0:00:14]} 23. Kh1 {[%emt 0:00:01]} Nf6 {[%emt 0:00:02]} 24. Qg3 {[%emt 0:00:02]} Qc7 {[%emt 0:00:04]} 25. Qh4 {[%emt 0:00:06]} c1=Q {[%emt 0:00:02]} 26. Ng6 {[%emt 0:00:05]} hxg6 {[%emt 0:00:01]} 27. Rxg6 {[%emt 0:00:02]} c5 {[%emt 0:00:01]} 28. Qxf6 {[%emt 0:00:04] .} Qxf1+ {[%emt 0:00:02]} 29. Rg1 {[%emt 0:00:00]} Qxg1+ {[%emt 0:00:01]} 30. Kxg1 {[%emt 0:00:00]} Rxf6 {[%emt 0:00:01]} 31. h4 {[%emt 0:00:01]} cxd4 {[%emt 0:00:01]} 32. Kg2 {[%emt 0:00:00]} dxe3 {[%emt 0:00:01]} 33. fxe3 {[%emt 0:00:00]} Qc2+ {[%emt 0:00:01]} 34. Kg3 {[%emt 0:00:00]} Qf2+ {[%emt 0:00:00]} 35. Kg4 {[%emt 0:00:01]} e5+ {[%emt 0:00:00]} 36. Kg5 {[%emt 0:00:01]} Qg3+ {[%emt 0:00:01] Aljoscha7 resigns} 0-1

[Event "U12 Burschen Blitz"]
[Site "austriaU18boys"]
[Date "2020.12.11"]
[Round "3"]
[White "Flotschiiii"]
[Black "DoHoChess"]
[Result "0-1"]
[WhiteElo "1620"]
[BlackElo "2302"]
[PlyCount "64"]
[EventDate "2020.12.11"]
[EventType "blitz"]

1. e4 {[%emt 0:00:04]} c5 {[%emt 0:00:01]} 2. d4 {[%emt 0:00:05]} cxd4 {[%emt 0:00:01]} 3. c3 {[%emt 0:00:00]} dxc3 {[%emt 0:00:01]} 4. Nxc3 {[%emt 0:00:01]} Nc6 {[%emt 0:00:01]} 5. Nf3 {[%emt 0:00:01]} d6 {[%emt 0:00:02]} 6. Bc4 {[%emt 0:00:01]} a6 {[%emt 0:00:01]} 7. O-O {[%emt 0:00:02]} Nf6 {[%emt 0:00:01]} 8. Qe2 {[%emt 0:00:01]} Bg4 {[%emt 0:00:01]} 9. Rd1 {[%emt 0:00:21]} Bxf3 {[%emt 0:00:21]} 10. Qxf3 {[%emt 0:00:21]} Ne5 {[%emt 0:00:03]} 11. Qe2 {[%emt 0:00:01]} Nxc4 {[%emt 0:00:06]} 12. Qxc4 {[%emt 0:00:00]} Qc8 {[%emt 0:00:12]} 13. Qd4 {[%emt 0:00:17]} e5 {[%emt 0:00:17]} 14. Qd3 {[%emt 0:00:18]} Be7 {[%emt 0:00:01]} 15. Bg5 {[%emt 0:00:02]} Qe6 {[%emt 0:00:48]} 16. Bxf6 {[%emt 0:00:20]} gxf6 {[%emt 0:00:17]} 17. Nd5 {[%emt 0:00:14]} Rc8 {[%emt 0:00:01]} 18. Rac1 {[%emt 0:00:07]} O-O {[%emt 0:00:06]} 19. f4 {[%emt 0:00:54]} exf4 {[%emt 0:00:11]} 20. Nxf4 {[%emt 0:00:01]} Qe5 {[%emt 0:00:06]} 21. Nd5 {[%emt 0:00:17]} f5 {[%emt 0:00:01]} 22. Nxe7+ {[%emt 0:00:02]} Qxe7 {[%emt 0:00:01]} 23. Rxc8 {[%emt 0:00:01]} Rxc8 {[%emt 0:00:02]} 24. Qg3+ {[%emt 0:00:02]} Kh8 {[%emt 0:00:03]} 25. exf5 {[%emt 0:00:01]} Qe5 {[%emt 0:00:24]} 26. Qf3 {[%emt 0:00:13]} Rc2 {[%emt 0:00:12]} 27. h3 {[%emt 0:00:05]} Qxb2 {[%emt 0:00:14]} 28. Rxd6 {[%emt 0:00:03]} Rc1+ {[%emt 0:00:00]} 29. Kh2 {[%emt 0:00:01]} Qe5+ {[%emt 0:00:01]} 30. Qg3 {[%emt 0:00:01]} Rh1+ {[%emt 0:00:01]} 31. Kxh1 {[%emt 0:00:01]} Qxg3 {[%emt 0:00:00]} 32. f6 {[%emt 0:00:01]} Qxd6 {[%emt 0:00:01] Flotschiiii resigns} 0-1

[Event "U12 Burschen Blitz"]
[Site "austriaU18boys"]
[Date "2020.12.11"]
[Round "3"]
[White "Laurin3006"]
[Black "Johannes11"]
[Result "1-0"]
[WhiteElo "1600"]
[BlackElo "1689"]
[Annotator "NA"]
[PlyCount "47"]
[EventDate "2020.12.11"]
[EventType "blitz"]

1. d4 {[%emt 0:00:13]} d5 {[%emt 0:00:02]} 2. c4 {[%emt 0:00:07]} dxc4 {[%emt 0:00:00]} 3. e3 {[%emt 0:00:05]} e5 {[%emt 0:00:12]} 4. Nf3 {[%emt 0:00:03]} exd4 {[%emt 0:00:11]} 5. Bxc4 {[%emt 0:00:17]} Nc6 {[%emt 0:00:31]} 6. exd4 {[%emt 0:00:26]} Nf6 {[%emt 0:00:07]} 7. O-O {[%emt 0:00:06]} Be7 {[%emt 0:00:02]} 8. Nc3 {[%emt 0:00:06]} O-O {[%emt 0:00:04]} 9. Re1 {[%emt 0:00:29]} Bg4 {[%emt 0:00:07]} 10. h3 {[%emt 0:00:30]} Bh5 {[%emt 0:00:03]} 11. g4 {[%emt 0:00:04]} Bg6 {[%emt 0:00:01]} 12. d5 {[%emt 0:00:04]} Na5 {[%emt 0:00:10]} 13. Ne5 {[%emt 0:00:13]} Nxc4 {[%emt 0:00:32]} 14. Nxc4 {[%emt 0:00:04]} Re8 {[%emt 0:00:02]} 15. Bf4 {[%emt 0:00:12]} a6 {[%emt 0:00:08]} 16. Rc1 {[%emt 0:00:04]} Rc8 {[%emt 0:00:11]} 17. Na5 {[%emt 0:00:03]} c5 {[%emt 0:00:38]} 18. Nxb7 {[%emt 0:00:11]} Qb6 {[%emt 0:00:02]} 19. Qb3 {[%emt 0:00:06]} Qxb3 {[%emt 0:00:15]} 20. axb3 {[%emt 0:00:00]} Bf8 {[%emt 0:00:13]} 21. Na4 {[%emt 0:00:05]} Ne4 {[%emt 0:00:04]} 22. Nb6 {[%emt 0:00:04]} Rc7 {[%emt 0:00:06]} 23. Bxc7 {[%emt 0:00:02]} Nf6 {[%emt 0:00:02]} 24. d6 {[%emt 0:00:02] TimeB} 1-0

[Event "U12 Burschen Blitz"]
[Site "austriaU18boys"]
[Date "2020.12.11"]
[Round "4"]
[White "DoHoChess"]
[Black "Sebsep1"]
[Result "0-1"]
[WhiteElo "2302"]
[BlackElo "2022"]
[PlyCount "76"]
[EventDate "2020.12.11"]
[EventType "blitz"]

1. Nf3 {[%emt 0:00:02]} Nf6 {[%emt 0:00:02]} 2. c4 {[%emt 0:00:01]} g6 {[%emt 0:00:01]} 3. Nc3 {[%emt 0:00:01]} Bg7 {[%emt 0:00:01]} 4. g3 {[%emt 0:00:01]} O-O {[%emt 0:00:01]} 5. Bg2 {[%emt 0:00:01]} d6 {[%emt 0:00:00]} 6. O-O {[%emt 0:00:02]} Nc6 {[%emt 0:00:00]} 7. d4 {[%emt 0:00:01]} Bf5 {[%emt 0:00:01]} 8. d5 {[%emt 0:00:08]} Na5 {[%emt 0:00:02]} 9. Nd2 {[%emt 0:00:14]} c5 {[%emt 0:00:03]} 10. e4 {[%emt 0:00:02]} Bd7 {[%emt 0:00:02]} 11. Qc2 {[%emt 0:00:03]} a6 {[%emt 0:00:05]} 12. a4 {[%emt 0:00:05]} e6 {[%emt 0:00:08]} 13. b3 {[%emt 0:00:38]} exd5 {[%emt 0:00:05]} 14. cxd5 {[%emt 0:00:01]} b5 {[%emt 0:00:13]} 15. Bb2 {[%emt 0:00:01]} Re8 {[%emt 0:00:23]} 16. Rfe1 {[%emt 0:00:01]} h5 {[%emt 0:00:36]} 17. axb5 {[%emt 0:00:31]} axb5 {[%emt 0:00:01]} 18. Bf1 {[%emt 0:00:01]} Qb6 {[%emt 0:00:07]} 19. h3 {[%emt 0:00:10]} Nh7 {[%emt 0:00:54]} 20. Nd1 {[%emt 0:00:18]} Bxb2 {[%emt 0:00:21]} 21. Qxb2 {[%emt 0:00:04]} Nb7 {[%emt 0:00:06]} 22. Bg2 {[%emt 0:00:26]} Rxa1 {[%emt 0:00:15]} 23. Qxa1 {[%emt 0:00:00]} c4 {[%emt 0:00:01]} 24. bxc4 {[%emt 0:00:02]} b4 {[%emt 0:00:01]} 25. e5 {[%emt 0:00:07]} dxe5 {[%emt 0:00:02]} 26. Rxe5 {[%emt 0:00:00]} Rc8 {[%emt 0:00:05]} 27. Ne3 {[%emt 0:00:13]} Nc5 {[%emt 0:00:01]} 28. Qd4 {[%emt 0:00:08]} b3 {[%emt 0:00:03]} 29. Nd1 {[%emt 0:00:11]} Qb4 {[%emt 0:00:04]} 30. Nb2 {[%emt 0:00:09]} Ra8 {[%emt 0:00:03]} 31. Re3 {[%emt 0:00:04]} Ra2 {[%emt 0:00:02]} 32. Nd3 {[%emt 0:00:10]} Qxd2 {[%emt 0:00:04]} 33. Qxc5 {[%emt 0:00:05]} b2 {[%emt 0:00:01]} 34. Re1 {[%emt 0:00:05]} Qxd3 {[%emt 0:00:02]} 35. Qc7 {[%emt 0:00:02]} b1=Q {[%emt 0:00:03]} 36. Qd8+ {[%emt 0:00:02]} Nf8 {[%emt 0:00:01]} 37. Rxb1 {[%emt 0:00:01]} Qxb1+ {[%emt 0:00:02]} 38. Kh2 {[%emt 0:00:00]} Rxf2 {[%emt 0:00:01] DoHoChess gibt auf (Lag: Av=0.33s, max=1.0s)} 0-1